Case Handbook for Information Managers / Selecting and Implementing Case Tools (Record no. 1023)
[ view plain ]
| 000 -LEADER | |
|---|---|
| fixed length control field | 01140cam a22002054a 4500 |
| 005 - ΗΜΕΡΟΜΗΝΙΑ ΚΑΙ ΩΡΑ ΤΕΛΕΥΤΑΙΑΣ ΕΝΗΜΕΡΩΣΗΣ | |
| Πεδίο ελέγχου | 20250605163955.0 |
| 008 - FIXED-LENGTH DATA ELEMENTS--GENERAL INFORMATION | |
| Πεδίο ελέγχου σταθερού μήκους | 250528s ||||||||||||||||||||||||d |
| 035 ## - SYSTEM CONTROL NUMBER | |
| System control number | 15443 |
| 020 ## - ISBN | |
| ISBN | 1856281892 |
| 040 ## - ΠΗΓΗ ΚΑΤΑΛΟΓΟΓΡΑΦΗΣΗΣ | |
| Φορέας πρωτότυπης καταλογογράφησης | MC Athens Campus Library |
| Γλώσσα καταλογογράφησης | Ελληνικά, Μοντέρνα (1453-) |
| Modifying agency | MC Athens Campus Library |
| Κανόνες περιγραφικής καταλογογράφησης | AACR2 |
| 245 1# - ΤΙΤΛΟΣ ΚΑΙ ΔΗΛΩΣΗ ΥΠΕΥΘΥΝΟΤΗΤΑΣ | |
| Τίτλος | Case Handbook for Information Managers / Selecting and Implementing Case Tools |
| 260 ## - PUBLICATION, DISTRIBUTION, ETC. | |
| Name of publisher, distributor, etc. | Avebury Technical, |
| Date of publication, distribution, etc. | 1991 |
| 300 ## - PHYSICAL DESCRIPTION | |
| Extent | 328 |
| 520 ## - SUMMARY, ETC. | |
| Summary, etc. | All you ever wanted to know about selecting and implementing CASE tools. What is Case? The Anatomy of a CASE Tool, CASE and Structured Methodologies, CASE and Methodology Conformance, The CASE Environment: The Human Interface, The CASE Environment: Co-operating with Other Software, Evaluation: A Question of Choice, How to Implement CASE Tools, Towards Standardization: Formalizing the CASE Environment, The Future of CASE Tools, Appendices, Product Breakdown: Categorization of Current Case Tools, Suggested Selection Criteria for CASE Products, Sample Forms for use in CASE Selection, Index. |
| 700 1# - ΠΡΟΣΘΕΤΗ ΑΝΑΓΡΑΦΗ--ΦΥΣΙΚΟ ΠΡΟΣΩΠΟ | |
| Personal name | Bidgood Tony |
| 9 (RLIN) | 1364 |
| 700 1# - ΠΡΟΣΘΕΤΗ ΑΝΑΓΡΑΦΗ--ΦΥΣΙΚΟ ΠΡΟΣΩΠΟ | |
| Personal name | Holloway Simon |
| 9 (RLIN) | 1365 |
| 942 ## - ADDED ENTRY ELEMENTS (KOHA) | |
| Koha item type | Books |
| Τύπος τεκμηρίου | Βιβλιοθήκη | Τρέχουσα τοποθεσία | Barcode | Αριθμός εισαγωγής | Ημερομηνία απόκτησης | Ταξιθετικό σύμβολο | Αριθμός αντιτύπου | Κατάσταση απόσυρσης | Κατάσταση χαμένου | Κατάσταση κατεστραμμένου | Μη δανεισμός | Σύνολο δανεισμών | Ημερομηνία τελευταίας εμφάνισης | Η τιμή ισχύει από |
|---|---|---|---|---|---|---|---|---|---|---|---|---|---|---|
| Books | MC Athens Campus Library | MC Athens Campus Library | 9780000010223 | 1784 | 05/06/2025 | 658.4/038 HOL | 1 | 05/06/2025 | 05/06/2025 |